SEC Football Champions by Year - Statistics

General Stats
  • This quiz has been taken 125 times
  • The average score is 22 of 30
Answer Stats
Season Champion % Correct
2021 Alabama Crimson Tide
99%
2020 Alabama Crimson Tide
96%
2018 Alabama Crimson Tide
92%
2019 Louisiana State Tigers
92%
2016 Alabama Crimson Tide
90%
2015 Alabama Crimson Tide
90%
2014 Alabama Crimson Tide
90%
2017 Georgia Bulldogs
90%
2012 Alabama Crimson Tide
86%
2009 Alabama Crimson Tide
84%
2013 Auburn Tigers
84%
2008 Florida Gators
82%
2010 Auburn Tigers
80%
2007 Louisiana State Tigers
79%
2011 Louisiana State Tigers
78%
2006 Florida Gators
77%
2005 Georgia Bulldogs
67%
1998 Tennessee Volunteers
67%
2003 Louisiana State Tigers
66%
2004 Auburn Tigers
65%
2000 Florida Gators
61%
2002 Georgia Bulldogs
61%
2001 Louisiana State Tigers
61%
1997 Tennessee Volunteers
60%
1992 Alabama Crimson Tide
59%
1999 Alabama Crimson Tide
57%
1996 Florida Gators
57%
1995 Florida Gators
56%
1993 Florida Gators
55%
1994 Florida Gators
53%
No matching quizzes found
Score Distribution
Percent of People with Each Score
Percentile by Number Answered
Your Score History
You have not taken this quiz